<?xml version="1.0" encoding="UTF-8" ?>
<collection xmlns="http://www.loc.gov/MARC21/slim"><record><leader>01045nab a2200265 nc4500</leader><controlfield tag="001">25264</controlfield><controlfield tag="003">CH-000273-5</controlfield><controlfield tag="005">20210412094056.0</controlfield><datafield tag="035" ind1=" " ind2=" "><subfield code="a">(OCoLC)1005881073</subfield></datafield><datafield tag="040" ind1=" " ind2=" "><subfield code="a">CH-000273-5</subfield><subfield code="b">ger</subfield><subfield code="e">rda</subfield></datafield><datafield tag="041" ind1=" " ind2=" "><subfield code="a">fre</subfield></datafield><datafield tag="245" ind1="0" ind2="0"><subfield code="a">Littérature</subfield><subfield code="c">directeur: André Breton</subfield><subfield code="n">Nouvelle série No. 6(1er Novembre 1922)</subfield></datafield><datafield tag="264" ind1="0" ind2="1"><subfield code="a">Paris</subfield><subfield code="b">Librairie Gallimard</subfield><subfield code="c">1er Novembre 1922</subfield></datafield><datafield tag="300" ind1=" " ind2=" "><subfield code="a">24 Seiten</subfield><subfield code="c">23 x 18 cm</subfield><subfield code="e">1 Blatt</subfield></datafield><datafield tag="336" ind1=" " ind2=" "><subfield code="a">Text</subfield><subfield code="b">txt</subfield><subfield code="2">rdacontent</subfield></datafield><datafield tag="337" ind1=" " ind2=" "><subfield code="a">ohne Hilfsmittel zu benutzen</subfield><subfield code="b">n</subfield><subfield code="2">rdamedia</subfield></datafield><datafield tag="338" ind1=" " ind2=" "><subfield code="a">Band</subfield><subfield code="b">nc</subfield><subfield code="2">rdacarrier</subfield></datafield><datafield tag="500" ind1=" " ind2=" "><subfield code="a">Texte von André Breton, Louis Aragon, Francis Picabia [u. a.]</subfield></datafield><datafield tag="501" ind1=" " ind2=" "><subfield code="a">&quot;Phosphate&quot; von Francis Picabia (1 Blatt 17,2 x 23,2 cm), signiert</subfield></datafield><datafield tag="510" ind1="4" ind2="0"><subfield code="a">Dada global, 1994</subfield><subfield code="c">S. 216, Nr. 162</subfield></datafield><datafield tag="610" ind1="2" ind2="7"><subfield code="a">Kunsthaus Zürich</subfield><subfield code="x">Dadaismus</subfield><subfield code="x">Sammlung</subfield><subfield code="2">gnd</subfield></datafield><datafield tag="655" ind1="0" ind2="7"><subfield code="a">Zeitschrift</subfield><subfield code="2">gnd-content</subfield></datafield><datafield tag="773" ind1=" " ind2=" "><subfield code="t">Littérature</subfield><subfield code="w">(CH-000273-5)25256</subfield></datafield><datafield tag="852" ind1="4" ind2="0"><subfield code="a">CH-000273-5</subfield><subfield code="c">DADA III:23:NS 6</subfield></datafield><datafield tag="856" ind1="4" ind2="1"><subfield code="u">https://digital.kunsthaus.ch:443/viewer/image/25264/1/</subfield><subfield code="y">Kunsthaus Zürich Sammlungen online</subfield></datafield></record></collection>